00217nam a2200085Ia 4500008004100000100001100041245003900052260002300091999001700114170817s9999 xx 000 0 und d aBHATIA 0aPRINCIPALS & PRACTICE OF EDUCATION bKALYANI PUB. DELHI c36294d36294